|
|
|
|
| LEADER |
00000nam a2200000 i 4500 |
| 001 |
DIGTECANT0019 |
| 003 |
NyNyDIG |
| 007 |
cr ||||||||||| |
| 008 |
241202s2021 ck a ob 000 0 spa d |
| 006 |
m o d |
| 035 |
|
|
|a (OCoLC)1478204988
|
| 040 |
|
|
|a DGITA
|b eng
|e rda
|e pn
|c DGITA
|
| 020 |
|
|
|a 9789588628721
|q digital
|
| 020 |
|
|
|z 9789588628714
|q impreso
|
| 043 |
|
|
|a s-ck---
|
| 050 |
1 |
4 |
|a HD9144.C62 ebook
|
| 245 |
0 |
0 |
|a Introducción del cigarrillo y del tabaco elaborados en el departamento de Antioquia :
|b desafíos y recomendaciones /
|c Yuliana Gómez Zapata [and 7 others], investigadores.
|
| 250 |
|
|
|a Primera edición.
|
| 264 |
|
1 |
|a Medellín, Colombia:
|b Sello Editorial Tecnológico de Antioquia,
|c [2021]
|
| 300 |
|
|
|a 1 online resource :
|b illustrations.
|
| 336 |
|
|
|a text
|b txt
|2 rdacontent
|
| 337 |
|
|
|a computer
|b c
|2 rdamedia
|
| 338 |
|
|
|a online resource
|b cr
|2 rdacarrier
|
| 347 |
|
|
|a text file
|2 rdaft
|
| 347 |
|
|
|b PDF
|
| 504 |
|
|
|a Includes bibliographical references.
|
| 588 |
0 |
|
|a Online resource; title from PDF title page (Digitalia, viewed December 2, 2024)
|
| 650 |
|
0 |
|a Tobacco industry
|z Colombia
|z Antioquia (Department)
|
| 650 |
|
0 |
|a Tobacco industry
|x Economic aspects
|z Antioquia (Department)
|
| 650 |
|
0 |
|a Cigarette industry
|z Colombia
|z Antioquia (Department)
|
| 650 |
|
0 |
|a Cigarette industry
|x Economic aspects
|z Antioquia (Department)
|
| 700 |
1 |
|
|a Gómez Zapata, Yuliana,
|e author.
|
| 791 |
2 |
|
|a Digitalia (Firm),
|e distributor.
|
| 793 |
0 |
|
|g Digitalia eBook Collection:
|a Tecnológico de Antioquia
|
| 776 |
0 |
8 |
|i Print version:
|t Introducción del cigarrillo y del tabaco elaborados en el departamento de Antioquia.
|b Primera edición.
|d Medellín, Colombia: Sello Editorial Tecnológico de Antioquia, [2021]
|z 9789588628714
|
| 856 |
4 |
0 |
|3 Digitalia Hispánica
|u https://www.digitaliapublishing.com/a/159140/
|
| 910 |
|
|
|a Premium collection: 2024
|